<?xml version="1.0" encoding="UTF-8"?>
<record
    xmlns:xsi="http://www.w3.org/2001/XMLSchema-instance"
    xsi:schemaLocation="http://www.loc.gov/MARC21/slim http://www.loc.gov/standards/marcxml/schema/MARC21slim.xsd"
    xmlns="http://www.loc.gov/MARC21/slim">

  <leader>01743nam a22002897a 4500</leader>
  <controlfield tag="005">20250619120110.0</controlfield>
  <controlfield tag="008">250619b        |||||||| |||| 00| 0 eng d</controlfield>
  <datafield tag="020" ind1=" " ind2=" ">
    <subfield code="a">9993351806</subfield>
  </datafield>
  <datafield tag="082" ind1=" " ind2=" ">
    <subfield code="2">23rd.</subfield>
    <subfield code="a">N891.495408</subfield>
    <subfield code="b">P583</subfield>
  </datafield>
  <datafield tag="241" ind1=" " ind2=" ">
    <subfield code="a">Paras : deshka khyatiprapta vyaktitvaharu (rajneta, svasthya kshetra visheshagya&#x2013;sahitya sadhak ra vicharak...</subfield>
  </datafield>
  <datafield tag="245" ind1=" " ind2=" ">
    <subfield code="a">&#x92A;&#x93E;&#x930;&#x938; :</subfield>
    <subfield code="b">&#x926;&#x947;&#x936;&#x915;&#x93E; &#x916;&#x94D;&#x92F;&#x93E;&#x924;&#x93F;&#x92A;&#x94D;&#x930;&#x93E;&#x92A;&#x94D;&#x924; &#x935;&#x94D;&#x92F;&#x915;&#x94D;&#x924;&#x93F;&#x924;&#x94D;&#x935;&#x939;&#x930;&#x941; (&#x930;&#x93E;&#x91C;&#x928;&#x947;&#x924;&#x93E;, &#x938;&#x94D;&#x935;&#x93E;&#x938;&#x94D;&#x925;&#x94D;&#x92F; &#x915;&#x94D;&#x937;&#x947;&#x924;&#x94D;&#x930;&#x915;&#x93E;... /</subfield>
    <subfield code="c">&#x938;&#x92E;&#x94D;&#x92A;&#x93E;. &#x932;&#x93E;&#x947;&#x915;&#x928;&#x93E;&#x925; &#x92A;&#x93E;&#x948;&#x921;&#x947;&#x932;...[&#x930; &#x905;&#x930;&#x941;&#x939;&#x930;&#x941;].</subfield>
  </datafield>
  <datafield tag="260" ind1=" " ind2=" ">
    <subfield code="a">&#x91A;&#x93F;&#x924;&#x935;&#x928; :</subfield>
    <subfield code="b">&#x935;&#x93F;&#x936;&#x947;&#x937;&#x93E;&#x919;&#x94D;&#x915; &#x938;&#x92E;&#x94D;&#x92A;&#x93E;&#x926;&#x915; &#x92E;&#x923;&#x94D;&#x921;&#x932;,</subfield>
    <subfield code="c">&#x968;&#x966;&#x96B;&#x96F;&#x935;&#x93F;.</subfield>
  </datafield>
  <datafield tag="300" ind1=" " ind2=" ">
    <subfield code="a">289p. : ill.</subfield>
  </datafield>
  <datafield tag="650" ind1=" " ind2=" ">
    <subfield code="a">&#x928;&#x947;&#x92A;&#x93E;&#x932;&#x940; &#x928;&#x93F;&#x92C;&#x928;&#x94D;&#x927;</subfield>
  </datafield>
  <datafield tag="653" ind1=" " ind2=" ">
    <subfield code="a">&#x932;&#x947;&#x916; &#x938;&#x902;&#x917;&#x94D;&#x930;&#x939;</subfield>
  </datafield>
  <datafield tag="700" ind1="1" ind2=" ">
    <subfield code="a">&#x92A;&#x93E;&#x948;&#x921;&#x947;&#x932;, &#x932;&#x93E;&#x947;&#x915;&#x928;&#x93E;&#x925; (&#x938;&#x92E;&#x94D;&#x92A;&#x93E;.)</subfield>
  </datafield>
  <datafield tag="700" ind1="1" ind2=" ">
    <subfield code="a">&#x916;&#x93E;&#x901;&#x921;, &#x928;&#x930;&#x92C;&#x939;&#x93E;&#x926;&#x941;&#x930; (&#x938;&#x92E;&#x94D;&#x92A;&#x93E;.)</subfield>
  </datafield>
  <datafield tag="700" ind1="1" ind2=" ">
    <subfield code="a">&#x915;&#x93E;&#x947;&#x907;&#x930;&#x93E;&#x932;&#x93E;, &#x928;&#x93E;&#x930;&#x93E;&#x92F;&#x923;&#x92A;&#x94D;&#x930;&#x938;&#x93E;&#x926; (&#x938;&#x92E;&#x94D;&#x92A;&#x93E;.)</subfield>
  </datafield>
  <datafield tag="700" ind1="1" ind2=" ">
    <subfield code="a">&#x938;&#x93E;&#x92A;&#x915;&#x93E;&#x947;&#x91F;&#x93E;, &#x930;&#x935;&#x93F;&#x92E;&#x93E;&#x947;&#x939;&#x928; (&#x938;&#x92E;&#x94D;&#x92A;&#x93E;.)</subfield>
  </datafield>
  <datafield tag="700" ind1="1" ind2=" ">
    <subfield code="a">&#x938;&#x93E;&#x92A;&#x915;&#x93E;&#x947;&#x91F;&#x93E;, &#x939;&#x93E;&#x947;&#x92E;&#x928;&#x93E;&#x925; (&#x938;&#x92E;&#x94D;&#x92A;&#x93E;.)</subfield>
  </datafield>
  <datafield tag="700" ind1="1" ind2=" ">
    <subfield code="a">&#x930;&#x935;&#x93F;&#x915;&#x93F;&#x930;&#x923; &#x928;&#x93F;&#x930;&#x94D;&#x91C;&#x940;&#x935; (&#x938;&#x92E;&#x94D;&#x92A;&#x93E;.)</subfield>
  </datafield>
  <datafield tag="700" ind1="1" ind2=" ">
    <subfield code="a">&#x932;&#x93E;&#x92E;&#x93F;&#x91B;&#x93E;&#x928;&#x947;, &#x936;&#x93F;&#x935;&#x930;&#x93E;&#x91C; (&#x938;&#x92E;&#x94D;&#x92A;&#x93E;.)</subfield>
  </datafield>
  <datafield tag="700" ind1="1" ind2=" ">
    <subfield code="a">&#x92A;&#x93E;&#x923;&#x94D;&#x921;&#x947;, &#x913;&#x92E;&#x92A;&#x94D;&#x930;&#x938;&#x93E;&#x926; (&#x938;&#x92E;&#x94D;&#x92A;&#x93E;.)</subfield>
  </datafield>
  <datafield tag="700" ind1="1" ind2=" ">
    <subfield code="a">&#x92A;&#x94D;&#x930;&#x938;&#x93E;&#x908;, &#x92A;&#x942;&#x930;&#x94D;&#x923;&#x92A;&#x94D;&#x930;&#x938;&#x93E;&#x926; (&#x938;&#x92E;&#x94D;&#x92A;&#x93E;.)</subfield>
  </datafield>
  <datafield tag="700" ind1="1" ind2=" ">
    <subfield code="a">&#x926;&#x93E;&#x939;&#x93E;&#x932;, &#x938;&#x93E;&#x947;&#x92E;&#x92C;&#x939;&#x93E;&#x926;&#x941;&#x930;  (&#x938;&#x92E;&#x94D;&#x92A;&#x93E;.)</subfield>
  </datafield>
  <datafield tag="942" ind1=" " ind2=" ">
    <subfield code="2">ddc</subfield>
    <subfield code="c">ISBN</subfield>
  </datafield>
  <datafield tag="999" ind1=" " ind2=" ">
    <subfield code="c">123367</subfield>
    <subfield code="d">123355</subfield>
  </datafield>
  <datafield tag="952" ind1=" " ind2=" ">
    <subfield code="0">0</subfield>
    <subfield code="1">0</subfield>
    <subfield code="2">ddc</subfield>
    <subfield code="4">0</subfield>
    <subfield code="7">0</subfield>
    <subfield code="a">TUCL</subfield>
    <subfield code="b">TUCL</subfield>
    <subfield code="d">2025-06-19</subfield>
    <subfield code="l">0</subfield>
    <subfield code="o">N891.495408 P583</subfield>
    <subfield code="p">IS2840</subfield>
    <subfield code="r">2025-06-19 12:01:24</subfield>
    <subfield code="w">2025-06-19</subfield>
    <subfield code="y">ISBN</subfield>
  </datafield>
</record>
